[Event "Stay Safe Play From Home 227"]
[Site "T#646802Emanuel Laske"]
[Date "2020.06.15"]
[Round "7"]
[White "Bishop91"]
[Black "Haxhi Baha"]
[Result "0-1"]
[WhiteElo "1611"]
[BlackElo "1948"]
[Annotator "NA RC"]
[PlyCount "118"]
[EventDate "2020.06.15"]
[EventType "swiss (blitz)"]

1. e4 {[%emt 0:00:01]} c5 {[%emt 0:00:02]} 2. Nf3 {[%emt 0:00:01]} Nc6 {[%emt 0:00:04]} 3. d4 {[%emt 0:00:00]} cxd4 {[%emt 0:00:02]} 4. Nxd4 {[%emt 0:00:00]} g6 {[%emt 0:00:00]} 5. Nxc6 {[%emt 0:00:01]} bxc6 {[%emt 0:00:00]} 6. c3 {[%emt 0:00:01]} Bg7 {[%emt 0:00:00]} 7. Bc4 {[%emt 0:00:01]} Nf6 {[%emt 0:00:00]} 8. O-O {[%emt 0:00:01]} Nxe4 {[%emt 0:00:01]} 9. Re1 {[%emt 0:00:01]} Nd6 {[%emt 0:00:00]} 10. Bb3 {[%emt 0:00:02]} O-O {[%emt 0:00:01]} 11. Nd2 {[%emt 0:00:03]} a5 {[%emt 0:00:00]} 12. Nf3 {[%emt 0:00:01]} a4 {[%emt 0:00:01]} 13. Bc2 {[%emt 0:00:01]} Ba6 {[%emt 0:00:01]} 14. Bf4 {[%emt 0:00:01]} Nc4 {[%emt 0:00:01]} 15. b3 {[%emt 0:00:04]} axb3 {[%emt 0:00:01]} 16. axb3 {[%emt 0:00:00]} Nb6 {[%emt 0:00:03]} 17. Be5 {[%emt 0:00:03]} f6 {[%emt 0:00:02]} 18. Bd4 {[%emt 0:00:01]} d6 {[%emt 0:00:00]} 19. Re6 {[%emt 0:00:02]} c5 {[%emt 0:00:01]} 20. Be3 {[%emt 0:00:02]} Bc8 {[%emt 0:00:01]} 21. Re4 {[%emt 0:00:02]} Rxa1 {[%emt 0:00:02]} 22. Qxa1 {[%emt 0:00:02]} Bf5 {[%emt 0:00:01]} 23. Qb1 {[%emt 0:00:06]} Bxe4 {[%emt 0:00:01]} 24. Bxe4 {[%emt 0:00:00]} d5 {[%emt 0:00:00]} 25. Bd3 {[%emt 0:00:01]} Nd7 {[%emt 0:00:01]} 26. c4 {[%emt 0:00:03]} d4 {[%emt 0:00:01]} 27. Nxd4 {[%emt 0:00:00]} cxd4 {[%emt 0:00:01]} 28. Bxd4 {[%emt 0:00:00]} e5 {[%emt 0:00:00]} 29. Be3 {[%emt 0:00:01]} Qc7 {[%emt 0:00:01]} 30. Be4 {[%emt 0:00:01]} Rb8 {[%emt 0:00:02]} 31. Bd5+ {[%emt 0:00:00]} Kh8 {[%emt 0:00:00]} 32. Qc2 {[%emt 0:00:01]} Nc5 {[%emt 0:00:01]} 33. Bxc5 {[%emt 0:00:03]} Qxc5 {[%emt 0:00:01]} 34. h4 {[%emt 0:00:00]} h6 {[%emt 0:00:00]} 35. Qxg6 {[%emt 0:00:01]} e4 {[%emt 0:00:05]} 36. Qxe4 {[%emt 0:00:01]} Qd6 {[%emt 0:00:02]} 37. Qg6 {[%emt 0:00:01]} Qe5 {[%emt 0:00:02]} 38. g3 {[%emt 0:00:00]} Qe1+ {[%emt 0:00:01]} 39. Kg2 {[%emt 0:00:00]} Qe5 {[%emt 0:00:00]} 40. Qf7 {[%emt 0:00:01]} f5 {[%emt 0:00:02]} 41. b4 {[%emt 0:00:00]} f4 {[%emt 0:00:01]} 42. Qxf4 {[%emt 0:00:01]} Qxf4 {[%emt 0:00:01]} 43. gxf4 {[%emt 0:00:00]} Rxb4 {[%emt 0:00:02]} 44. f5 {[%emt 0:00:00]} Be5 {[%emt 0:00:01]} 45. f4 {[%emt 0:00:01]} Bxf4 {[%emt 0:00:01]} 46. f6 {[%emt 0:00:00]} Bd6 {[%emt 0:00:00]} 47. f7 {[%emt 0:00:00]} Kg7 {[%emt 0:00:00]} 48. Kf3 {[%emt 0:00:02]} Kf8 {[%emt 0:00:00]} 49. Kg4 {[%emt 0:00:00]} Be7 {[%emt 0:00:02]} 50. Kf5 {[%emt 0:00:00]} Bxh4 {[%emt 0:00:01]} 51. Kg6 {[%emt 0:00:00]} Bg5 {[%emt 0:00:00]} 52. Be6 {[%emt 0:00:01]} Rb2 {[%emt 0:00:00]} 53. Bd5 {[%emt 0:00:00]} Rd2 {[%emt 0:00:00]} 54. Kf5 {[%emt 0:00:00]} Rd4 {[%emt 0:00:01]} 55. Ke5 {[%emt 0:00:01]} Rf4 {[%emt 0:00:00]} 56. c5 {[%emt 0:00:01]} Rf6 {[%emt 0:00:00]} 57. c6 {[%emt 0:00:01]} Rxc6 {[%emt 0:00:01]} 58. Bxc6 {[%emt 0:00:01]} Kxf7 {[%emt 0:00:01]} 59. Bh1 {[%emt 0:00:00]} Kg6 {[%emt 0:00:00] Time (Lag: Av=0.99s, max=3.6s)} 0-1

[Event "Stay Safe Play From Home 227"]
[Site "T#646802Emanuel Laske"]
[Date "2020.06.15"]
[Round "7"]
[White "Trotsky"]
[Black "Ironmike"]
[Result "0-1"]
[WhiteElo "1548"]
[BlackElo "1851"]
[Annotator "NA RC"]
[PlyCount "60"]
[EventDate "2020.06.15"]
[EventType "swiss (blitz)"]

1. d4 {[%emt 0:00:01]} c6 {[%emt 0:00:01]} 2. e3 {[%emt 0:00:00]} d5 {[%emt 0:00:00]} 3. c4 {[%emt 0:00:01]} Nf6 {[%emt 0:00:01]} 4. Nc3 {[%emt 0:00:02]} e6 {[%emt 0:00:00]} 5. Nf3 {[%emt 0:00:01]} dxc4 {[%emt 0:00:01]} 6. Bxc4 {[%emt 0:00:01]} Bb4 {[%emt 0:00:00]} 7. Qc2 {[%emt 0:00:01]} b5 {[%emt 0:00:01]} 8. Bd3 {[%emt 0:00:01]} O-O {[%emt 0:00:01]} 9. Bd2 {[%emt 0:00:01]} Nbd7 {[%emt 0:00:02]} 10. Ng5 {[%emt 0:00:01]} h6 {[%emt 0:00:01]} 11. h4 {[%emt 0:00:01]} c5 {[%emt 0:00:04]} 12. O-O-O {[%emt 0:00:02]} cxd4 {[%emt 0:00:02]} 13. Nce4 {[%emt 0:00:04]} Bxd2+ {[%emt 0:00:02]} 14. Rxd2 {[%emt 0:00:03]} dxe3 {[%emt 0:00:01]} 15. Nxf6+ {[%emt 0:00:02]} Qxf6 {[%emt 0:00:02]} 16. fxe3 {[%emt 0:00:05]} Bb7 {[%emt 0:00:05]} 17. Bh7+ {[%emt 0:00:01]} Kh8 {[%emt 0:00:01]} 18. Qd3 {[%emt 0:00:04]} Rac8+ {[%emt 0:00:03]} 19. Kd1 {[%emt 0:00:01]} Ne5 {[%emt 0:00:01]} 20. Qb1 {[%emt 0:00:05]} Ng4 {[%emt 0:00:02]} 21. Bg8 {[%emt 0:00:07]} Qg6 {[%emt 0:00:07]} 22. Nxf7+ {[%emt 0:00:05]} Kxg8 {[%emt 0:00:06]} 23. Qxg6 {[%emt 0:00:02]} Nxe3+ {[%emt 0:00:01]} 24. Ke1 {[%emt 0:00:02]} Rxf7 {[%emt 0:00:02]} 25. Rf2 {[%emt 0:00:03]} Rc1+ {[%emt 0:00:01]} 26. Ke2 {[%emt 0:00:01]} Rxf2+ {[%emt 0:00:03]} 27. Kxf2 {[%emt 0:00:01]} Nf5 {[%emt 0:00:00]} 28. Qe8+ {[%emt 0:00:01]} Kh7 {[%emt 0:00:01]} 29. Rxc1 {[%emt 0:00:01]} Be4 {[%emt 0:00:02] '} 30. Rc7 {[%emt 0:00:01]} Nd4 {[%emt 0:00:00] Âðåìÿ (Lag: Av=0.24s, max=0.7s)} 0-1

[Event "Stay Safe Play From Home 227"]
[Site "T#646802Emanuel Laske"]
[Date "2020.06.15"]
[Round "8"]
[White "Broken sword"]
[Black "EL sanbary"]
[Result "1-0"]
[WhiteElo "2444"]
[BlackElo "1952"]
[Annotator "TA"]
[PlyCount "35"]
[EventDate "2020.06.15"]
[EventType "swiss (blitz)"]

{[%evp 14,34,-14,-14,-14,-14,1,-20,20,29,35,35,60,48,64,-145,-156,-156,0,-11,139,127,29999]} 1. d4 d5 2. c4 e6 3. Nf3 Nf6 4. Nc3 Be7 5. Bg5 O-O 6. Bxf6 Bxf6 7. cxd5 exd5 8. e3 g6 {D35: Queen's Gambit Declined: Exchange Variation.} 9. Bd3 {[#]} Bg7 $146 ({Predecessor:} 9... Nc6 10. Rc1 Nb4 11. Bb1 Bg4 12. h3 Be6 13. a3 Nc6 14. O-O Na5 15. Ba2 b6 {1-0 (34) Robledo,M (2241)-Bermudez Veliz,A Sullana 2012}) 10. h4 c6 {The position is equal.} 11. h5 Nd7 12. hxg6 fxg6 13. Qc2 Nf6 14. Bxg6 $2 {[#]} (14. O-O-O $1 $14) 14... hxg6 $17 15. Qxg6 Re8 $2 (15... Qe8 $17 16. Qg3 Bf5) 16. O-O-O {Black must now prevent Rh4.} (16. Ne5 $5 {[%cal Rg6f7]} Re7 17. O-O-O $11) 16... Bg4 {[#]} ({Better is} 16... Re6 $11) 17. Ne5 $1 {[%csl Ge5][%cal Rg6f7][%mdl 512]} Bxd1 $4 {[%mdl 8192]} (17... Rxe5 $16 18. dxe5 Bxd1) 18. Qf7# {Accuracy: White = 71%, Black = 35%.} ({Wrong is} 18. Rxd1 $2 Re7 $17) 1-0

[Event "Stay Safe Play From Home 227"]
[Site "T#646802Emanuel Laske"]
[Date "2020.06.15"]
[Round "8"]
[White "Lamborghini"]
[Black "Masler"]
[Result "1-0"]
[WhiteElo "2243"]
[BlackElo "1838"]
[Annotator "TA"]
[PlyCount "69"]
[EventDate "2020.06.15"]
[EventType "swiss (blitz)"]

{[%evp 9,69,78,89,90,93,105,130,70,66,66,66,83,78,54,74,17,32,28,47,41,54,63,58,44,113,62,204,216,552,127,164,160,350,202,920,918,900,912,917,916,995,985,1014,1009,1226,1205,29988,8758,29984,1087,3366,2899,2445,2147,2387,2337,29995,29983,29985,3087,3018,2620]} 1. e4 d5 2. exd5 Qxd5 3. Nc3 Qe5+ 4. Be2 Bg4 5. d4 Bxe2 6. Ngxe2 {B01: Scandinavian Defence.} ({Of course not} 6. dxe5 Bxd1 7. Kxd1 Nc6 $11) 6... Qd6 7. Bf4 Qd8 8. Nb5 (8. d5 $16) 8... Na6 $14 {[#]} 9. c4 $146 ({Predecessor:} 9. Qd2 c6 10. Nbc3 e6 11. O-O-O Nf6 12. f3 Bb4 13. a3 Ba5 14. Qd3 O-O 15. g4 {0-1 (30) Marti Trilla,A (1492)-Aubach Soteres,S (1775) Bellpuig 2012}) 9... c6 10. Nbc3 e6 11. Qd2 (11. O-O {keeps more tension.} Nf6 12. Qb3 Qb6 13. Qc2 Qd8 14. Be5) 11... Bd6 12. O-O-O (12. Bxd6 $16 Qxd6 13. Qg5) 12... Bxf4 $11 13. Qxf4 Nf6 14. g4 O-O 15. g5 Nd7 16. h4 f6 (16... b5 $14) 17. Qg4 (17. g6 $16) 17... fxg5 (17... Qe7 $14) 18. hxg5 $18 Qe7 $2 {[#]} (18... Rf5 {is tougher.} 19. Ne4 Qe7) 19. f4 $2 (19. Rxh7 $3 $18 {[%mdl 512] is the precise move to win.} Rf5 (19... Kxh7 20. g6+) 20. Rdh1 Rxg5 21. Qh4) 19... g6 20. Ne4 Qf7 $2 (20... Rf7 $16 {keeps fighting.} 21. Kb1 c5) 21. Nd6 (21. Rh6 $142) 21... Qg7 $2 (21... Qe7) 22. Qxe6+ Kh8 23. f5 Nc7 24. Qxg6 Qxg6 25. fxg6 Kg7 26. gxh7 Rh8 27. g6 {[%mdl 64] Decoy} Kxg6 28. Rdg1+ Kf6 29. Ne4+ (29. Rh6+ $142 Ke7 30. Rg7+ Kd8 31. Nf7+ Kc8 32. Nxh8 Ne6 33. Nf7 $1 {[%mdl 512]} Kc7 34. Rxe6) 29... Ke6 30. Nf4+ Ke7 31. Ng6+ Ke6 32. Rf1 Nb6 33. Ng5+ Kd7 34. b3 (34. Rf7+ $142 Kc8 35. Nxh8 Nd7 36. Ng6 b6 37. h8=Q+ Kb7 38. Qh2 Ne5 {[#]} 39. Rxc7+ $1 {[%mdl 512]} Ka6 40. Nxe5) 34... Rae8 35. Rf7+ {Accuracy: White = 62%, Black = 41%.} 1-0

[Event "Stay Safe Play From Home 227"]
[Site "T#646802Emanuel Laske"]
[Date "2020.06.15"]
[Round "8"]
[White "SoulofWolf"]
[Black "Trotsky"]
[Result "1-0"]
[WhiteElo "2216"]
[BlackElo "1543"]
[Annotator "TA"]
[PlyCount "79"]
[EventDate "2020.06.15"]
[EventType "swiss (blitz)"]

{[%evp 9,79,-25,0,-8,44,6,31,20,48,37,92,70,377,116,102,100,264,269,375,372,343,305,608,554,710,582,658,546,970,788,1183,1202,1357,1321,1782,1227,1624,1565,1566,1299,1213,761,1600,1175,1173,1201,1176,1173,1465,1479,1335,1101,1027,922,1116,1126,1294,1304,1308,1300,1299,1289,1252,1261,1762,1257,5141,1339,1208,1055,5141,960]} 1. d4 d5 2. Nf3 e6 3. c3 c5 4. Nbd2 Nc6 5. g3 Bd6 6. Bg2 {[#] D02: 1 d4 d5 2 Nf3 sidelines, including 2...Nf6 3 g3 and 2...Nf6 3 Bf4.} c4 $146 ({Better is} 6... Nf6 $11) ({Predecessor:} 6... Nf6 7. Nb3 c4 8. Nbd2 Bd7 9. b3 b5 10. a4 a6 11. axb5 axb5 12. Rxa8 Qxa8 13. bxc4 bxc4 {0-1 (69) Nyberg,M (1998)-Sellen,I (2026) Wellington 2010}) 7. a4 Nf6 8. O-O {White is slightly better.} Qc7 9. Re1 Bd7 ({Black should try} 9... O-O $14) 10. e4 $16 Ng4 $2 {[%mdl 8192] [#]} (10... dxe4 $14 11. Ng5 (11. Nxe4 Nxe4 12. Rxe4 O-O $14) 11... e3 12. Nxc4 exf2+ 13. Kxf2 O-O) 11. e5 $2 (11. exd5 $18 {has better winning chances.} Nd8 12. Ne4) 11... Be7 12. b3 O-O-O $2 (12... cxb3 $16 {is a better defense.} 13. Nxb3 h5) 13. bxc4 $18 f6 14. cxd5 exd5 15. e6 Bxe6 $2 {[#]} (15... Be8 16. a5 g5) 16. Rxe6 {White is clearly winning.} Bd6 17. Nf1 h5 18. c4 f5 19. c5 Bxg3 20. fxg3 h4 21. Bf4 Qf7 22. Rd6 Rde8 23. a5 hxg3 24. Bxg3 f4 25. Ne5 Qh5 26. Qxg4+ Qxg4 27. Nxg4 fxg3 28. Nxg3 Rd8 29. Bxd5 Nxd4 30. Rxd8+ Rxd8 31. Bg2 Kc7 32. a6 bxa6 33. Rxa6 Nb5 34. Rc6+ Kb8 35. Rg6 Rd1+ 36. Nf1 a5 37. Rxg7 a4 38. Rg8+ Kc7 39. Bf3 a3 40. Rg7+ {Accuracy: White = 54%, Black =  2%.} 1-0

[Event "Stay Safe Play From Home 227"]
[Site "T#646802Emanuel Laske"]
[Date "2020.06.15"]
[Round "8"]
[White "Haxhi Baha"]
[Black "little champs"]
[Result "0-1"]
[WhiteElo "1952"]
[BlackElo "2301"]
[Annotator "TA"]
[PlyCount "94"]
[EventDate "2020.06.15"]
[EventType "swiss (blitz)"]

{[%evp 9,93,5,39,7,22,0,18,-25,-16,-11,-19,-36,-51,-42,-20,-84,-70,-79,-75,-62,-13,-27,0,-99,-87,-300,-46,-50,-51,-340,-373,-370,-343,-637,-504,-569,-536,-724,-708,-1035,-1016,-1009,-1012,-29997,-29998,-29998,-2389,-29998,-1016,-2093,-1847,-29987,-29983,-29994,-29995,-29995,-29989,-29989,-29984,-29996,-29989,-29989,-29990,-29990,-29991,-29991,-29992,-29992,-29992,-29993,-29994,-29994,-29994,-29994,-29978,-29992,-29993,-29993,-29993,-29993,-29994,-29994,-29995,-29995,-29994,-29999]} 1. e4 c6 2. Nc3 d5 3. Nf3 dxe4 4. Nxe4 Nf6 5. Nc3 g6 {[#]} 6. Bc4 $146 {B11: Caro-Kann: Two Knights Variation.} ({Predecessor:} 6. d4 Bg7 7. Bc4 O-O 8. O-O Bg4 9. Be3 Nbd7 10. h3 Bxf3 11. Qxf3 e6 12. Bb3 a5 {0-1 (48) Van Esbroeck,J (1477)-Sensabaugh,G (1601) LSS email 2010}) 6... Bg7 7. d3 O-O (7... b5 $5 8. Bb3 $8 a5 $11) 8. Bg5 {The position is equal.} b5 9. Bb3 a5 10. a4 b4 $36 {[%mdl 2048] Black is more active.} 11. Ne2 Bg4 12. Ng3 (12. Ne5 $11) 12... Nbd7 $17 13. h3 Bxf3 $1 14. Qxf3 Ne5 15. Qe2 Ned7 16. O-O-O (16. Qf3 $11 {remains equal.}) 16... Nc5 17. Bc4 $2 (17. Qf3 $17) 17... b3 $2 ({Black should play} 17... Nxa4 $19 {And now ...Qd4 would win.} 18. d4 Nb6) 18. cxb3 $15 Rb8 19. h4 $2 {[%mdl 8192] Black keeps a firm grip on the game.} (19. Qc2 $1 $15) 19... Nxb3+ $19 20. Bxb3 Rxb3 21. h5 $2 (21. d4) 21... Qd5 22. Bxf6 Bxf6 23. Ne4 Bxb2+ 24. Qxb2 Rxb2 25. Kxb2 Rb8+ 26. Kc2 Qa2+ {[%mdl 64] [#] Double Attack} 27. Kc3 c5 (27... Qb2+ $142 28. Kc4 Qb4#) 28. Ra1 Qb3+ (28... Qb2+ $142 29. Kc4 Qd4#) 29. Kd2 c4 30. dxc4 Qxc4 {Black mates.} 31. Ke3 Rb3+ 32. Kf4 f5 {[%mdl 64] [#] Pin} 33. f3 fxe4 34. fxe4 Rb4 35. Rae1 Qf7+ 36. Kg3 Rb3+ 37. Kh2 Qf4+ 38. Kg1 Qg3 39. Rf1 Rb2 {[%csl Gg3][%cal Rb2g2]} 40. Rh2 g5 41. Kh1 Rf2 {[%cal Rf2f1]} 42. Rg1 g4 43. h6 e5 44. Rh5 Re2 45. Rg5+ Kf7 {[%cal Rg3h4]} 46. Rf5+ Ke6 {[%cal Rg3h4]} 47. Rg5 Qh4# {Accuracy: White = 36%, Black = 62%.} 0-1

[Event "Stay Safe Play From Home 227"]
[Site "T#646802Emanuel Laske"]
[Date "2020.06.15"]
[Round "8"]
[White "Ironmike"]
[Black "Mepe_Nika"]
[Result "0-1"]
[WhiteElo "1856"]
[BlackElo "2366"]
[Annotator "TA"]
[PlyCount "46"]
[EventDate "2020.06.15"]
[EventType "swiss (blitz)"]

{[%evp 21,46,-9,5,-52,10,-25,-27,-66,-67,-108,-63,-64,-66,-70,-59,-86,-81,-84,-72,-118,-113,-391,-394,-724,-752,-29991,-2716]} 1. e4 e5 2. Nf3 Nc6 3. Nc3 Nf6 4. d4 exd4 5. Nxd4 Bb4 6. Nxc6 bxc6 7. Bd3 d5 8. exd5 O-O 9. O-O cxd5 10. Bg5 c6 11. Ne2 Bd6 12. Ng3 {C47: Scotch Four Knights and Four Knights with 4 g3.} (12. Nd4 $11) 12... Rb8 {[#]} (12... h6 $1 $15 13. Bd2 Rb8) 13. b3 $146 ({Much worse is} 13. Bxf6 Qxf6 14. b3 Re8 $17) ({Predecessor:} 13. Rb1 h6 14. Bd2 Ng4 15. h3 Bxg3 16. fxg3 Qb6+ 17. Kh1 Nf2+ 18. Rxf2 Qxf2 19. Bf4 Rb7 {½-½ (30) Skouvaklis,A (1619)-Rindlisbacher,L (1969) Winterthur 2007}) 13... h6 14. Bxf6 {Black has an edge.} Qxf6 15. Qh5 Re8 16. Rae1 Rxe1 17. Rxe1 {next Re8+ is good for White.} Be6 18. h3 a5 19. Nf5 Bb4 20. Re2 {[#]} g6 $1 $36 {[%cal Rg6h5][%mdl 2112] Double Attack. Black is on the roll.} 21. Nxh6+ $2 {[%mdl 8192]} (21. Qh4 $17 Qa1+ {[%mdl 64] Double Attack} 22. Kh2 Bxf5 23. Bxf5) 21... Kg7 $19 22. Nf5+ $2 (22. Qe5 Qxe5 23. Rxe5 Kxh6 24. a4) 22... Bxf5 23. Qg4 Bxg4 {Accuracy: White =  5%, Black = 69%.} (23... Qa1+ $142 24. Kh2 Bxg4 25. a3 Bd6+ 26. f4 Bxe2 27. Bxe2 Qe1 28. Bf1 Qxf1 29. c3 {[#]} Rh8 $1 {[%mdl 512]} 30. b4 Bxf4+ 31. g3 Rxh3#) 0-1

[Event "Stay Safe Play From Home 227"]
[Site "T#646802Emanuel Laske"]
[Date "2020.06.15"]
[Round "8"]
[White "Edmatuag"]
[Black "Bishop91"]
[Result "0-1"]
[WhiteElo "1676"]
[BlackElo "1602"]
[Annotator "NA RC"]
[PlyCount "68"]
[EventDate "2020.06.15"]
[EventType "swiss (blitz)"]

1. d3 {[%emt 0:00:02]} e6 {[%emt 0:00:00]} 2. e4 {[%emt 0:00:01]} d5 {[%emt 0:00:01]} 3. e5 {[%emt 0:00:02]} c5 {[%emt 0:00:01]} 4. c3 {[%emt 0:00:01]} Nc6 {[%emt 0:00:00]} 5. d4 {[%emt 0:00:01]} cxd4 {[%emt 0:00:01]} 6. cxd4 {[%emt 0:00:01]} Qb6 {[%emt 0:00:00]} 7. Nf3 {[%emt 0:00:02]} Nge7 {[%emt 0:00:01]} 8. Nc3 {[%emt 0:00:02]} Nf5 {[%emt 0:00:00]} 9. Bb5 {[%emt 0:00:04]} Bb4 {[%emt 0:00:02]} 10. Bxc6+ {[%emt 0:00:02]} bxc6 {[%emt 0:00:02]} 11. O-O {[%emt 0:00:02]} c5 {[%emt 0:00:01]} 12. Be3 {[%emt 0:00:02]} c4 {[%emt 0:00:01]} 13. Na4 {[%emt 0:00:02]} Qc7 {[%emt 0:00:02]} 14. b3 {[%emt 0:00:01]} cxb3 {[%emt 0:00:03]} 15. axb3 {[%emt 0:00:01]} a5 {[%emt 0:00:01]} 16. Rc1 {[%emt 0:00:02]} Qd7 {[%emt 0:00:03]} 17. Nc5 {[%emt 0:00:02]} Bxc5 {[%emt 0:00:01]} 18. Rxc5 {[%emt 0:00:01]} O-O {[%emt 0:00:00]} 19. Ng5 {[%emt 0:00:02]} Ba6 {[%emt 0:00:01]} 20. Qh5 {[%emt 0:00:03]} h6 {[%emt 0:00:01]} 21. Rfc1 {[%emt 0:00:04]} hxg5 {[%emt 0:00:02]} 22. Bxg5 {[%emt 0:00:01]} Nxd4 {[%emt 0:00:02]} 23. Rc7 {[%emt 0:00:02]} Qe8 {[%emt 0:00:03]} 24. Be7 {[%emt 0:00:02]} Nf5 {[%emt 0:00:01]} 25. Bxf8 {[%emt 0:00:02]} Qxf8 {[%emt 0:00:00]} 26. g4 {[%emt 0:00:02]} Nd4 {[%emt 0:00:04]} 27. Rd7 {[%emt 0:00:02]} Ne2+ {[%emt 0:00:02]} 28. Kg2 {[%emt 0:00:02]} Nxc1 {[%emt 0:00:00]} 29. g5 {[%emt 0:00:01]} d4 {[%emt 0:00:01]} 30. g6 {[%emt 0:00:01]} fxg6 {[%emt 0:00:00]} 31. Qxg6 {[%emt 0:00:01]} Bd3 {[%emt 0:00:03]} 32. Qxe6+ {[%emt 0:00:01]} Kh8 {[%emt 0:00:01]} 33. Qh3+ {[%emt 0:00:01]} Kg8 {[%emt 0:00:00]} 34. Qe6+ {[%emt 0:00:01]} Kh7 {[%emt 0:00:01] Time (Lag: Av=0.33s, max=0.6s)} 0-1

[Event "Stay Safe Play From Home 227"]
[Site "T#646802Emanuel Laske"]
[Date "2020.06.15"]
[Round "8"]
[White "Klasman"]
[Black "Zitnik"]
[Result "0-1"]
[WhiteElo "1271"]
[BlackElo "1830"]
[Annotator "NA RC"]
[PlyCount "34"]
[EventDate "2020.06.15"]
[EventType "swiss (blitz)"]

1. f4 {[%emt 0:00:01]} b6 {[%emt 0:00:01]} 2. e4 {[%emt 0:00:02]} Bb7 {[%emt 0:00:01]} 3. Nc3 {[%emt 0:00:02]} e6 {[%emt 0:00:01]} 4. d4 {[%emt 0:00:01]} Bb4 {[%emt 0:00:01]} 5. Bd3 {[%emt 0:00:02]} Nf6 {[%emt 0:00:01]} 6. Qe2 {[%emt 0:00:05]} d5 {[%emt 0:00:01]} 7. e5 {[%emt 0:00:02]} Ne4 {[%emt 0:00:01]} 8. Bd2 {[%emt 0:00:02]} Nxd2 {[%emt 0:00:01]} 9. Qxd2 {[%emt 0:00:01]} c5 {[%emt 0:00:03]} 10. Nf3 {[%emt 0:00:05]} Nc6 {[%emt 0:00:02]} 11. dxc5 {[%emt 0:00:03]} bxc5 {[%emt 0:00:02]} 12. a3 {[%emt 0:00:02]} Ba5 {[%emt 0:00:01]} 13. O-O {[%emt 0:00:03]} d4 {[%emt 0:00:01]} 14. b4 {[%emt 0:00:15]} cxb4 {[%emt 0:00:05]} 15. axb4 {[%emt 0:00:04]} Bxb4 {[%emt 0:00:01]} 16. Nb5 {[%emt 0:00:09]} Bxd2 {[%emt 0:00:01]} 17. Nd6+ {[%emt 0:00:01]} Qxd6 {[%emt 0:00:01] Time (Lag: Av=0.55s, max=0.7s)} 0-1

[Event "Stay Safe Play From Home 227"]
[Site "T#646802Emanuel Laske"]
[Date "2020.06.15"]
[Round "9"]
[White "little champs"]
[Black "Ironmike"]
[Result "1-0"]
[WhiteElo "2305"]
[BlackElo "1854"]
[Annotator "TA"]
[PlyCount "75"]
[EventDate "2020.06.15"]
[EventType "swiss (blitz)"]

{[%evp 9,75,20,25,15,29,33,78,27,31,3,44,34,37,-4,59,-17,-18,-35,15,29,30,13,109,42,66,0,113,-6,-12,-22,-8,-41,-39,-36,-36,-44,64,-46,0,-27,66,64,115,-135,27,0,8,8,64,-51,585,364,434,435,434,427,483,438,438,434,653,653,641,592,29983,29984,29984,29984]} 1. d4 b6 2. e3 Bb7 3. Nf3 e6 4. Be2 d6 5. O-O Nf6 6. c4 {A40: Unusual replies to 1 d4.} Be7 7. Nc3 c5 8. b3 (8. d5 $16) 8... cxd4 9. exd4 O-O {[#]} 10. d5 $146 ({Predecessor:} 10. Bb2 Nbd7 11. Bd3 a6 12. Re1 Re8 13. Rc1 Qc7 14. Bb1 Rad8 15. Qd3 Nf8 16. d5 {0-1 (45) Md Abzid,R (1861)-Sahoo,U (2278) Hyderabad 2019}) 10... exd5 11. Nxd5 Nbd7 (11... Nxd5 $11 12. cxd5 Bf6) 12. Bb2 (12. Nxe7+ $14 Qxe7 13. Bb2) 12... Nxd5 $11 13. cxd5 Nf6 14. Bc4 Rc8 15. Rc1 Re8 (15... a6 $11 {remains equal.}) 16. Qd4 (16. Bb5 $16) 16... Qd7 17. Rfe1 (17. Qd3 $14) 17... Bd8 (17... b5 $11 18. Bd3 Rxc1 19. Rxc1 Bxd5) 18. Rxe8+ (18. Qd3 $16) 18... Nxe8 19. Re1 {[#] Rxe8+! would kill now.} Bf6 20. Qd2 (20. Qd3 {looks sharper.} Bxb2 21. Bb5 Qd8 22. Bxe8 g6 23. h4) 20... Bxb2 21. Qxb2 Nf6 22. Qd2 Qf5 ({Black should try} 22... Rc5 $15) 23. Rd1 ({Better is} 23. Nd4 $14 Qh5 24. Nb5 Bxd5 25. Bxd5 (25. Nxd6 Ra8 $14) 25... Qxd5 26. Qxd5 Nxd5 27. Nxa7) 23... h6 (23... Bxd5 $5 24. Bxd5 Qxd5 $15) 24. h3 Ne4 (24... Rc5 $11) 25. Qd3 $1 $14 Re8 (25... Qg6 $14) 26. Nd4 $2 (26. Re1 $16) 26... Qe5 $2 ({Black should play} 26... Qxf2+ $17 27. Kh2 Qf4+ 28. Kg1 g6) 27. Nc6 Bxc6 28. dxc6 {And now Re1 would win.} Qc5 (28... b5 $1 $11 29. Bd5 (29. Bxb5 Nc3 $15 {[%mdl 64] Double Attack}) 29... Nc3 {[%mdl 64] Double Attack}) 29. Rf1 (29. Qf3 $14 Nf6 30. a4) 29... Qxc6 $2 {[%mdl 8192] This costs Black the game.} (29... Re5 $1 $15 {keeps the upper hand.}) 30. Bd5 Qc5 31. Bxe4 Qe5 32. Bf3 d5 33. Rd1 d4 34. Qxd4 Qf6 (34... Qxd4 $142 35. Rxd4 Kf8) 35. Qxf6 $18 gxf6 36. Kf1 Rd8 37. Rxd8+ Kg7 {[#]} 38. Rd7 $1 {Accuracy: White = 44%, Black = 28%.} 1-0

[Event "Stay Safe Play From Home 227"]
[Site "T#646802Emanuel Laske"]
[Date "2020.06.15"]
[Round "9"]
[White "EL sanbary"]
[Black "SoulofWolf"]
[Result "0-1"]
[WhiteElo "1950"]
[BlackElo "2217"]
[Annotator "TA"]
[PlyCount "38"]
[EventDate "2020.06.15"]
[EventType "swiss (blitz)"]

{[%evp 9,37,43,85,66,127,50,124,49,56,51,97,104,154,134,153,151,148,147,186,169,193,12,114,0,108,-50,62,57,262,-29999]} 1. c4 d5 2. cxd5 Nf6 3. e4 c6 4. dxc6 Nxc6 5. Nc3 g6 6. Nf3 {A10: English Opening: Unusual Replies for Black.} Bg7 (6... Bg4 $14) 7. Be2 (7. d4 $16) 7... O-O (7... e5 $14) 8. O-O ({Better is} 8. d4 $16) 8... Bg4 $14 9. d3 {[#]} h6 $146 ({Predecessor:} 9... Qb6 10. Rb1 Bxf3 11. Bxf3 Rfd8 12. Be3 Qa6 13. Be2 Nd4 14. Bxd4 Rxd4 15. Qb3 Nd7 {0-1 (85) Harestad,T (2275)-Vestly,J Norway 1994}) 10. Be3 a6 11. Qd2 b5 12. Bxh6 b4 13. Na4 Bxf3 14. Bxf3 ({But not} 14. gxf3 $6 Bxh6 15. Qxh6 Nd4 $16) 14... Nd4 {[#]} 15. Rad1 $2 (15. Bd1 $1 $18) 15... Rc8 {[#]} (15... Qa5 $11 16. Bxg7 Nxf3+ 17. gxf3 Kxg7) 16. Bxg7 ({White should try} 16. Be3 $1 $16) 16... Kxg7 (16... Nxf3+ $11 {remains equal.} 17. gxf3 Kxg7) 17. b3 $2 ({Don't play} 17. Qxb4 $6 Rh8 $11) (17. Qe3 $16) 17... Rh8 (17... Nxf3+ $15 18. gxf3 Rh8) 18. Qe3 ({Wrong is} 18. Qxb4 $2 Qc7 $19) 18... Qd6 $2 (18... Rc2 $1 $14) 19. Rd2 $4 {[%mdl 8192]} (19. e5 $18 Nxf3+ 20. gxf3) 19... Qxh2# {Accuracy: White = 35%, Black = 28%.} 0-1